000 01896nam a22002297a 4500
003 OSt
005 20250627125048.0
008 210209s1989 cx ||||gr|||| 00| 0 spa d
040 _aCO-JMCR
_cCO-JMCR
041 0 _aspa
082 0 4 _aA-P
_bHENp
_223
100 1 _aHenao, Raul,
_eautor
_913196
245 1 0 _aEl partido del diablo /
_cRaúl Henao
250 _aI edición.
260 _aMedellin (Colombia) :
_bLealon,
_c1989
300 _a109 páginas ;
_c19 cm.
490 1 _aPoesía & crítica
505 0 _aHomenaje mandragórico a Enrique Gómez Correa -- Los poetas de visita -- A los poetas se les pierden las palabras --El legado de los poetas -- La letra ciega -- El partido del diablo -- Entrevisiones del paraíso -- El exilio -- Vuelta al verano -- El laberinto -- Arenga de los propietarios -- Arenga del porvenir -- El olvido -- El amor de visita -- W. B. Yeats: poeta embrujado Reinvención del amor -- El ruedo de los amantes -- Los amantes malavenidos -- Pasaje del desamor -- Jorge Cáceres, el poeta de la mecánica celeste -- Aldo Pellegrini o la temperatura de los imposible -- Identidad de la poesías surrealista latinoamericana -- La vida a la carta -- Retrato del desasosiego -- La imagen -- El recelo -- El yo y su circunstancia -- El mito obsceno -- Retrospectiva del Marqués de Sede -- El pasado -- Ballet nocturno -- La torre de las multitudes -- El circo de los enamorados -- El convite del sol -- La poesía luciferina de César Dávila Andrade -- César Moro: el alfabeto enfurecido -- La ciudad de la muerte -- El pintor del desvelo -- La realidad y el deseo -- La letra y el deseo -- El desencuentro -- René Daumal: La evidencia absurda -- Sri Aurobindo: el fuego místico -- Al aire libre -- Andanza de la luz -- El alba desnuda -- El instante
650 2 4 _aPoesía
_xLiteratura
_913197
650 2 4 _aCritica
_xliteratura
_913198
942 _2ddc
_cBK
999 _c7136
_d7136